000 00709nam a22001937a 4500
999 _c5728
_d5728
005 20251125232803.0
008 s2539 th tha d
040 _aNALT
041 _atha
050 _aDS578.32 อ612อ 2539
100 0 _aแน่งน้อย ปัญจพรรค์
245 1 0 _aอาจินต์ ปัญจพรรค์
260 3 _aกรุงเทพฯ :
_bสารคดี,
_c2539
300 _a277 หน้า :
_b ภาพประกอบ ;
_c 21 ซม.
650 0 4 _aอาจินต์ ปัญจพรรค์, 2470-- -- ประวัติ
850 _aNALT
856 4 0 _uhttps://hdl.handle.net/20.500.14156/401610
_71
942 _cGB
_2lcc